Guía para el Sujeto de fiscalización (Record no. 9499)
[ view plain ]
| 000 -LEADER | |
|---|---|
| campo de control de longitud fija | 00411nam a2200145Ia 4500 |
| 001 - NÚMERO DE CONTROL | |
| campo de control | 1255 |
| 008 - DATOS DE LONGITUD FIJA--INFORMACIÓN GENERAL | |
| campo de control de longitud fija | 241024s9999 xx 000 0 und d |
| 082 ## - NÚMERO DE LA CLASIFICACIÓN DECIMAL DEWEY | |
| Número de clasificación | RD/350.3387/C172g |
| 100 ## - ENTRADA PRINCIPAL--NOMBRE DE PERSONA | |
| Nombre de persona | República Dominicana. Cámara de Cuentas de la República Dominicana |
| 245 #0 - MENCIÓN DEL TÍTULO | |
| Título | Guía para el Sujeto de fiscalización |
| 260 ## - PUBLICACIÓN, DISTRIBUCIÓN, ETC. | |
| Nombre del editor, distribuidor, etc. | Santo Domingo |
| Fecha de publicación, distribución, etc. | 2010 |
| 590 ## - NOTA LOCAL (RLIN) | |
| Nota local | si |
| 901 ## - ELEMENTOS DE DATOS A LOCAL LDA (RLIN) | |
| a | 4/3/2011 8:40:28 a.m. |
No items available.